Estadística aplicada /
Guardado en:
| Autor Principal: | |
|---|---|
| Formato: | Libro |
| Publicado: |
Bahia Blanca :
Grupo de Estudio-trabajo C.dieulefait,
1981
|
| Materias: | |
| Etiquetas: |
Agregar Etiqueta
Sin Etiquetas, Sea el primero en etiquetar este registro!
|
| LEADER | 01370nam a22003255a 4500 | ||
|---|---|---|---|
| 001 | CEM.cems006113 | ||
| 005 | 20060214000000.0 | ||
| 008 | 130507s1981##################000#0#####d | ||
| 003 | CEMS | ||
| 082 | 0 | 4 | |a 311.2 |
| 100 | 1 | |a Sylvester, Gerardo A | |
| 245 | 1 | 0 | |a Estadística aplicada / |
| 260 | |a Bahia Blanca : |b Grupo de Estudio-trabajo C.dieulefait, |c 1981 | ||
| 300 | |a 165 p. | ||
| 653 | |a Cuartiles | ||
| 653 | |a Curtosis | ||
| 653 | |a Desigualdad de tchebycheff | ||
| 653 | |a Distribucion gaussiana | ||
| 653 | |a Estadistica aplicada | ||
| 859 | |a CEMS |b BIB. CEMS - 11 de abril |h 311.2 |i Sy57/1 |p 11210.82 |t Ej.1 | ||
| 859 | |a CEMS |b BIB. CEMS - 11 de abril |h 311.2 |i Sy57/1 |p 11211.82 |t Ej.2 | ||
| 859 | |a CEMS |b BIB. CEMS - 11 de abril |h 311.2 |i Sy57/1 |p 11212.82 |t Ej.3 | ||
| 859 | |a CEMS |b BIB. CEMS - 11 de abril |h 311.2 |i Sy57/1 |p 11213.82 |t Ej.4 | ||
| 859 | |a CEMS |b BIB. CEMS - 11 de abril |h 311.2 |i Sy57/1 |p 11214.82 |t Ej.5 | ||
| 859 | |a CEMS |b BIB. CEMS - 11 de abril |h 311.2 |i Sy57/1 |p 11215.82 |t Ej.6 | ||
| 859 | |a CEMS |b BIB. CEMS - 11 de abril |h 311.2 |i Sy57/1 |p 11216.82 |t Ej.7 | ||
| 859 | |a CEMS |b BIB. CEMS - 11 de abril |h 311.2 |i Sy57/1 |p 11217.82 |t Ej.8 | ||
| 859 | |a CEMS |b BIB. CEMS - 11 de abril |h 311.2 |i Sy57/1 |p 11218.82 |t Ej.9 | ||
| 859 | |a CEMS |b BIB. CEMS - 11 de abril |h 311.2 |i Sy57/1 |p 11219.82 |t Ej.10 | ||
| 859 | |a CEMS |b BIB. CEMS - 11 de abril |h 311.2 |i Sy57/1 |p 11547.82 |t Ej.11 | ||
